P. Jaganmohan Reddy Commission of Inquiry (regarding Nagarwala case): report (Record no. 489230)

000 -LEADER
fixed length control field 00498cam a22001337a 4500
008 - FIXED-LENGTH DATA ELEMENTS--GENERAL INFORMATION
fixed length control field 180718b1978 xxu||||| |||| 00| 0 eng d
082 ## - DEWEY DECIMAL CLASSIFICATION NUMBER
Classification number F5x54 In2n
100 ## - MAIN ENTRY--PERSONAL NAME
Personal name India. P. Jaganmohan Reddy Commission of Inquiry (regarding Nagarwala case)
245 ## - TITLE STATEMENT
Title P. Jaganmohan Reddy Commission of Inquiry (regarding Nagarwala case): report
260 ## - PUBLICATION, DISTRIBUTION, ETC.
Place of publication, distribution, etc. Delhi
Name of publisher, distributor, etc. The Controller of Publications
Date of publication, distribution, etc. 1978
300 ## - PHYSICAL DESCRIPTION
Extent 227+p.
500 ## - GENERAL NOTE
General note Chairman: P. Jaganmohan Reddy
700 ## - ADDED ENTRY--PERSONAL NAME
Personal name Reddy, P. Jaganmohan (Chairman)
Holdings
Withdrawn status Lost status Damaged status Not for loan Permanent Location Current Location Date acquired Full call number Barcode Date last seen Price effective from Koha item type
        Indian Institute of Public Administration Indian Institute of Public Administration 2018-08-04 F5x54 In2n G14818 2018-08-04 2018-08-04 G

Powered by Koha